000 00592nam a2200193Ia 4500
008 140925s9999 xx 000 0 und d
020 _a1098-240X
100 _aKearney, Margaret H.
245 _aResearch in Nursing & Health /
_cMargaret H. Kearney.
_h[electronic resource]
260 _bJohn Wiley & Sons, Inc.,
_cc2013.
516 _aElectronic text
650 _aHealth care.
650 _aNursing.
650 _aResearch.
830 _aJohn Wiley & Sons, Inc.
856 _uhttp://onlinelibrary.wiley.com/journal/10.1002/%28ISSN%291098-240X
942 _cEJ
999 _c275678
_d275678